| 000 | 00601nam a2200217 a 4500 | ||
|---|---|---|---|
| 001 | BRCA_2753 | ||
| 005 | 20190320203944.0 | ||
| 008 | 051208s1962----enka---###---#000-0#eng-u | ||
| 050 | 4 |
_aNE850 _b.H39 1962 |
|
| 100 | 1 |
_aHayter, Stanley William _97753 |
|
| 245 | 1 | 0 |
_aAbout prints _cS. W. Hayter. |
| 260 |
_aLondon _bOxford University Press _c1962 |
||
| 300 |
_a176 p. _bil. _c25 cm. |
||
| 500 | _aIncluye índice alfabético. | ||
| 500 | _aAA74 | ||
| 504 | _aBibliografía: p. 169-170 | ||
| 650 | 1 | 4 |
_aGrabado _xHistoria _91591 |
| 650 | 1 | 4 |
_aGrabado _xTécnica _91661 |
| 902 | _aGFM | ||
| 942 |
_2lcc _cB |
||
| 999 |
_c2493 _d2493 |
||